| 000 | 00501nam a2200181Ia 4500 | ||
|---|---|---|---|
| 003 | LK-CoDNM | ||
| 008 | 010623t2011 xxu||||| |||| 00| 1 sin d | ||
| 040 |
_aLK-CoDNM _dLK-CoDNM _eLK-CoDNM |
||
| 041 | _asin | ||
| 080 | _aX8S3 ''13/14'' DHA | ||
| 100 | _aDharmasena himi | ||
| 245 | _aසද්ධර්ම රත්නාවලිය | ||
| 246 | _aSaddharma Rathnawaliya | ||
| 260 |
_bGunasena _aColombo _c2011 |
||
| 300 | _b1246, 21 cm | ||
| 700 |
_aGanavimala himi,Kirielle _eed. |
||
| 942 | _cBK | ||
| 999 |
_c131729 _d131729 |
||